Statistics for English Football Teams Starting With 'N'

Click here to take the quiz!

General Stats

  • This quiz has been taken 23 times
  • The average score is 4 of 5

Answer Stats

Answer% Correct
Newcastle
87%
Northampton Town
83%
Norwich City
83%
Nottingham Forest
78%
Newport County
48%

Score Distribution

Percentile by Number Answered

Percent of People with Each Score

Your Score History

You have not taken this quiz